[Event "II Festival"]
[Site "Siracusa ITA"]
[Date "2007.09.03"]
[Round "2"]
[White "Mangiafico, Francesco"]
[Black "Tumino, Andrea"]
[Result "0-1"]
[WhiteElo "1392"]
[BlackElo "1637"]
[PlyCount "70"]
[EventDate "2007.09.02"]

1. d4 d5 2. Nd2 Nf6 3. Ngf3 Bf5 4. Ne5 e6 5. Ndf3 Be7 6. Bg5 c5 7. c3 O-O 8. e3
c4 9. b3 cxb3 10. axb3 Ne4 11. Bxe7 Qxe7 12. Qd2 Nxd2 13. Nxd2 f6 14. Nef3 Nd7
15. Be2 e5 16. O-O e4 17. Nh4 Be6 18. g3 Kh8 19. Bh5 g5 20. Ng2 f5 21. f3 Nf6
22. g4 Nxh5 23. gxh5 f4 24. exf4 gxf4 25. fxe4 Rg8 26. e5 Bh3 27. Rf2 Qg5 28.
Nf3 Qxh5 29. Kh1 Qg6 30. Rg1 Qe4 31. Re1 Bxg2+ 32. Rxg2 Qxf3 33. Reg1 Rxg2 34.
Rxg2 Qe4 35. h4 Rg8 0-1

[Event "II Festival"]
[Site "Siracusa ITA"]
[Date "2007.09.03"]
[Round "2"]
[White "Mica, Francesco"]
[Black "Rizza, Francesco"]
[Result "0-1"]
[WhiteElo "1437"]
[BlackElo "1653"]
[PlyCount "72"]
[EventDate "2007.09.02"]

1. e4 c5 2. f4 e6 3. Nf3 Nc6 4. Bc4 a6 5. d3 b5 6. Bb3 g6 7. O-O Bg7 8. c3 Nge7
9. Nh4 d5 10. e5 c4 11. Bc2 cxd3 12. Bxd3 Nf5 13. Nxf5 gxf5 14. Be3 Bb7 15. Nd2
Rg8 16. Nf3 Bf8 17. b4 d4 18. cxd4 Bxb4 19. Ng5 h6 20. Nh7 Nxd4 21. Nf6+ Qxf6
22. exf6 Rxg2+ 23. Kh1 Rg3+ 24. Rf3 Bxf3+ 25. Qxf3 Rxf3 26. Bxd4 Rxd3 27. Be5
Rad8 28. Kg2 Rd2+ 29. Kf1 Rd1+ 30. Rxd1 Rxd1+ 31. Ke2 Rd2+ 32. Kf3 Rxa2 33. h3
Bc3 34. Ke3 Bxe5 35. fxe5 Ra3+ 36. Kd4 Rxh3 0-1

[Event "II Festival"]
[Site "Siracusa ITA"]
[Date "2007.09.03"]
[Round "2"]
[White "Minniti, Giuseppe"]
[Black "Condorelli, Roberto"]
[Result "1-0"]
[WhiteElo "1827"]
[BlackElo "1575"]
[PlyCount "75"]
[EventDate "2007.09.02"]

1. e4 c6 2. d4 d5 3. e5 Bf5 4. Bd3 Bxd3 5. Qxd3 e6 6. Nf3 Nd7 7. Bg5 Qb6 8.
Nbd2 c5 9. c3 Qxb2 10. O-O c4 11. Qe3 Qb6 12. Ne1 Ne7 13. g4 Qc7 14. f4 g6 15.
Qh3 b5 16. a3 a5 17. Kh1 Bg7 18. f5 h6 19. Bxe7 Bxe5 20. Bh4 Bf4 21. fxe6 fxe6
22. Nef3 e5 23. Bg3 e4 24. Nh4 Bxg3 25. Qxg3 Qxg3 26. hxg3 Rg8 27. Ng2 Ke7 28.
Ne3 Ke6 29. Rab1 Rab8 30. Rf4 Nf6 31. Kg2 Rh8 32. Rbf1 Rbf8 33. Nxd5 Nxd5 34.
Rxe4+ Kd6 35. Rfe1 Nxc3 36. Re6+ Kd5 37. Nf3 b4 38. R1e5# 1-0

[Event "II Festival"]
[Site "Siracusa ITA"]
[Date "2007.09.03"]
[Round "2"]
[White "Monica, Vincenzo"]
[Black "Cultrera, Salvatore"]
[Result "1-0"]
[WhiteElo "1514"]
[BlackElo "1681"]
[PlyCount "111"]
[EventDate "2007.09.02"]

1. e4 d5 2. exd5 Qxd5 3. Nc3 Qa5 4. Nf3 Bg4 5. d4 Nf6 6. Bc4 Qh5 7. Bf4 Bxf3 8.
gxf3 c6 9. Qe2 Qf5 10. Bg3 e6 11. a3 Nbd7 12. Bc7 Rc8 13. Bg3 Nb6 14. Bb3 Rd8
15. O-O-O Bd6 16. Ne4 Bxg3 17. hxg3 Ke7 18. Nc5 Rb8 19. g4 Qf4+ 20. Kb1 Rhd8
21. Nxe6 Qxf3 22. Qe5 Nbd7 23. Qe1 Qxd1+ 24. Qxd1 fxe6 25. Qe2 Nf8 26. g5 Nd5
27. Qe5 Kf7 28. c4 Ne7 29. Bc2 Neg6 30. Qc7+ Kg8 31. Qh2 Rbc8 32. Bxg6 hxg6 33.
Qe5 Rd7 34. Rh4 Rcd8 35. Kc2 a6 36. Kc3 b5 37. Qh2 bxc4 38. Rh8+ Kf7 39. Qf4+
Ke7 40. Qe5 Kf7 41. Qc5 Rd5 42. f4 Rxc5 43. dxc5 Rd3+ 44. Kxc4 Rf3 45. Kd4
Rxf4+ 46. Ke5 Rf5+ 47. Kd6 Rxg5 48. Kxc6 Rd5 49. b4 Rh5 50. Rxh5 gxh5 51. Kd6
e5 52. c6 Ne6 53. Kxe5 h4 54. Ke4 g5 55. Kf3 Nd4+ 56. Kg4 1-0

[Event "II Festival"]
[Site "Siracusa ITA"]
[Date "2007.09.03"]
[Round "2"]
[White "Norrito, Salvatore"]
[Black "Rettore, Ludwig"]
[Result "0-1"]
[WhiteElo "1812"]
[BlackElo "2182"]
[PlyCount "74"]
[EventDate "2007.09.02"]

1. e4 c5 2. d4 cxd4 3. c3 dxc3 4. Bc4 e6 5. Nf3 cxb2 6. Bxb2 Bb4+ 7. Nc3 Nf6 8.
Qc2 d6 9. O-O Nbd7 10. Rad1 Qb6 11. Nb5 a6 12. Nbd4 O-O 13. Rb1 Qa5 14. Bc1 Bc5
15. Nb3 Qc7 16. Bb2 b5 17. Bd3 Bb6 18. Qe2 e5 19. Rbc1 Nc5 20. Rc2 Qe7 21. Rfc1
Nxd3 22. Qxd3 Bb7 23. Nbd2 Rac8 24. Ba3 Rxc2 25. Rxc2 Bc5 26. Bb2 Rc8 27. h3 h6
28. Ne1 Bb6 29. Rxc8+ Bxc8 30. Nc2 Qc7 31. Nb4 Qc5 32. a3 Qxf2+ 33. Kh2 Qg1+
34. Kg3 Nh5+ 35. Kh4 Bd8+ 36. Kxh5 Kh7 37. Qg3 g6+ 0-1

[Event "II Festival"]
[Site "Siracusa ITA"]
[Date "2007.09.03"]
[Round "2"]
[White "Parla, Aldo"]
[Black "Seminara, Antonio"]
[Result "0-1"]
[WhiteElo "1562"]
[BlackElo "1980"]
[PlyCount "60"]
[EventDate "2007.09.02"]

1. f4 e5 2. e4 d5 3. exd5 exf4 4. Nf3 Be7 5. h4 Nf6 6. Nc3 Bg4 7. Bb5+ c6 8.
dxc6 bxc6 9. Be2 Nd5 10. Nxd5 cxd5 11. d4 Bxf3 12. Bxf3 Bxh4+ 13. Kf1 Bg3 14.
Qe2+ Kf8 15. Qe5 Nc6 16. Qxd5 Qxd5 17. Bxd5 Re8 18. Bd2 Nxd4 19. c4 Re2 20. Be1
Rxb2 21. Bxg3 fxg3 22. Rh3 Rf2+ 23. Kg1 Ne2+ 24. Kh1 h5 25. Rh4 Nf4 26. Rd1 g5
27. Rxf4 gxf4 28. c5 h4 29. c6 h3 30. Rc1 hxg2+ 0-1

[Event "II Festival"]
[Site "Siracusa ITA"]
[Date "2007.09.03"]
[Round "2"]
[White "Polak, Tomas"]
[Black "Rosolia, Giuseppe"]
[Result "1-0"]
[WhiteElo "2544"]
[BlackElo "1930"]
[PlyCount "103"]
[EventDate "2007.09.02"]

1. d4 Nf6 2. c4 g6 3. Nc3 Bg7 4. e4 d6 5. Nf3 O-O 6. Be2 e5 7. d5 a5 8. h3 Na6
9. Bg5 Bd7 10. Nd2 Nc5 11. O-O Qe8 12. Kh1 h6 13. Be3 b6 14. Qc2 Nh7 15. Rae1
f5 16. exf5 gxf5 17. f4 e4 18. Rg1 Nf6 19. Nf1 Nh5 20. Qd1 Nf6 21. Bd4 Qe7 22.
Ne3 Ng4 23. Bxg4 fxg4 24. Bxc5 bxc5 25. Nxg4 h5 26. Rxe4 Qh4 27. Nh2 Bf5 28.
Nf3 Qf6 29. Re3 Bd7 30. Ng5 Qh6 31. Ne6 Rae8 32. Nxf8 Rxf8 33. Ne2 Bf5 34. Rf1
h4 35. Qd2 Qg6 36. Kh2 Be4 37. Nc3 Bf5 38. Nb5 Rf7 39. Qxa5 Bd3 40. Rff3 Be4
41. Nxc7 Rxf4 42. Ne6 Rxf3 43. Rxf3 Bxf3 44. Qd8+ Kh7 45. Qxh4+ Kg8 46. gxf3
Qc2+ 47. Kg3 Be5+ 48. f4 Qd3+ 49. Kg4 Qe2+ 50. Kg5 Qxb2 51. Kg6 Qb1+ 52. f5 1-0

[Event "II Festival"]
[Site "Siracusa ITA"]
[Date "2007.09.03"]
[Round "2"]
[White "Russo, Alfio"]
[Black "Alaimo, Riccardo"]
[Result "0-1"]
[WhiteElo "1928"]
[BlackElo "2191"]
[PlyCount "100"]
[EventDate "2007.09.02"]

1. Nf3 d5 2. d4 Nf6 3. c4 c6 4. Nc3 a6 5. e3 b5 6. cxd5 cxd5 7. Bd3 e6 8. O-O
Nbd7 9. a4 b4 10. Ne2 a5 11. b3 Bd6 12. Bb2 O-O 13. Rc1 Bb7 14. Ne5 Rc8 15.
Rxc8 Qxc8 16. Qc2 Qxc2 17. Bxc2 Bxe5 18. dxe5 Ng4 19. Bd3 Ngxe5 20. Bb5 Bc6 21.
Bxc6 Nxc6 22. Rc1 Rc8 23. Nd4 Ndb8 24. Nb5 Ne7 25. Nc7 Nbc6 26. Nb5 f6 27. Kf1
Nb8 28. Nc7 Kf7 29. Ke1 e5 30. Kd2 Nbc6 31. Nb5 Ke6 32. h3 g6 33. Rc2 Nd8 34.
Rxc8 Nxc8 35. Nc7+ Kd6 36. Ne8+ Ke7 37. Nc7 Nb6 38. f4 Nc6 39. fxe5 fxe5 40.
Kd3 Kd7 41. Nb5 e4+ 42. Kc2 Ke7 43. Bg7 Nd7 44. Nc7 Kd6 45. Nb5+ Kc5 46. Kd2
Nde5 47. Bf8+ Kb6 48. Bd6 Nf7 49. Bf8 Nce5 50. Bg7 Nd3 0-1

[Event "II Festival"]
[Site "Siracusa ITA"]
[Date "2007.09.03"]
[Round "2"]
[White "Tibaldeschi, Attilio"]
[Black "Nobile, Stefano"]
[Result "1-0"]
[WhiteElo "1532"]
[BlackElo "1713"]
[PlyCount "131"]
[EventDate "2007.09.02"]

1. Nf3 f5 2. b3 Nf6 3. Bb2 g6 4. d3 Bg7 5. Nbd2 d6 6. e3 O-O 7. Be2 b6 8. O-O
Bb7 9. Rc1 Qe8 10. c3 e5 11. a4 Nbd7 12. h3 Rd8 13. b4 Kh8 14. Re1 c5 15. Qb3
d5 16. Ba3 h6 17. bxc5 Rf7 18. Nh4 Kh7 19. d4 e4 20. Bb5 bxc5 21. g3 a6 22. Bf1
Rb8 23. Qd1 c4 24. Rb1 Bc6 25. Bd6 Rxb1 26. Qxb1 Bxa4 27. Nxc4 dxc4 28. Bxc4
Bf8 29. Bxf7 Qxf7 30. Bxf8 Nxf8 31. Qb4 Bb5 32. Rc1 Qe8 33. c4 Bd7 34. Qb6 Kg7
35. Qxa6 Ne6 36. Qa7 Qc8 37. c5 Nd8 38. Qb6 Be8 39. Ng2 Nd5 40. Qd6 Bf7 41. c6
Qc7 42. Qxc7 Nxc7 43. Nf4 g5 44. Ne2 Bd5 45. Rc5 Bxc6 46. Nc3 Kf6 47. d5 Nxd5
48. Nxd5+ Bxd5 49. Rxd5 Ne6 50. Rd6 Ke5 51. Ra6 h5 52. Kg2 Nc5 53. Rh6 f4 54.
gxf4+ Kf5 55. Rxh5 Ne6 56. Rxg5+ Nxg5 57. fxg5 Kxg5 58. Kg3 Kf5 59. h4 Ke5 60.
Kg4 Kf6 61. Kf4 Kg6 62. Kxe4 Kh5 63. f4 Kxh4 64. Ke5 Kh5 65. Ke6 Kg6 66. f5+
1-0

[Event "II Festival"]
[Site "Siracusa ITA"]
[Date "2007.09.03"]
[Round "2"]
[White "Valenti, Giuseppe"]
[Black "Lo Bosco, Salvatore"]
[Result "1-0"]
[WhiteElo "2221"]
[BlackElo "1822"]
[PlyCount "75"]
[EventDate "2007.09.02"]

1. e4 c5 2. Nf3 d6 3. d4 cxd4 4. Nxd4 Nf6 5. Nc3 a6 6. Bg5 e6 7. f4 Be7 8. Qf3
Nbd7 9. O-O-O Qc7 10. g4 h6 11. Bxf6 gxf6 12. f5 Ne5 13. Qh3 Bd7 14. fxe6 fxe6
15. Qh5+ Nf7 16. Nb3 Rc8 17. Bd3 b5 18. a3 Rg8 19. h4 Kf8 20. Rhf1 Qb6 21. Rde1
a5 22. Bxb5 Bxb5 23. Nxb5 e5 24. a4 Rc4 25. Kb1 d5 26. Nc3 d4 27. Nd5 Qe6 28.
Rf5 Kg7 29. Nxe7 Qxe7 30. Ref1 Rc6 31. Nxa5 Rb6 32. Nc4 Rb4 33. Rxf6 Qxf6 34.
Rxf6 Kxf6 35. Qf5+ Ke7 36. Nxe5 Nxe5 37. Qxe5+ Kd7 38. Qd5+ 1-0

[Event "II Festival"]
[Site "Siracusa ITA"]
[Date "2007.09.03"]
[Round "2"]
[White "Valguarnera, Girolamo"]
[Black "Salvaggio, Salvatore"]
[Result "1-0"]
[WhiteElo "2185"]
[BlackElo "1766"]
[PlyCount "101"]
[EventDate "2007.09.02"]

1. e4 c5 2. Nf3 e6 3. d4 cxd4 4. Nxd4 Nf6 5. Nc3 d6 6. Be3 Be7 7. Bc4 O-O 8.
Qe2 Nc6 9. O-O-O a6 10. Bb3 Na5 11. f4 Nxb3+ 12. cxb3 Qc7 13. Kb1 Re8 14. g4 e5
15. Nf5 Bxf5 16. exf5 exf4 17. Bxf4 Qc6 18. g5 Bf8 19. Qf1 Ne4 20. Nd5 Rac8 21.
Qg2 Qc5 22. Be3 Qc6 23. Rhg1 Re5 24. Rc1 Qxd5 25. Rxc8 Qd3+ 26. Ka1 Qxe3 27. g6
Qh6 28. Qc2 Rc5 29. Rxc5 Nxc5 30. Qc4 hxg6 31. fxg6 Ne6 32. Qd5 Qxh2 33. Rf1
Qe5 34. gxf7+ Kh7 35. Qxb7 d5 36. Qxa6 g5 37. Qd3+ Kg7 38. Qf3 Nf4 39. a4 Kxf7
40. a5 Bg7 41. Qf2 d4 42. b4 Qb5 43. Rg1 Bf6 44. Qd2 d3 45. Rc1 Qa4+ 46. Kb1
Qb3 47. a6 Nd5 48. a7 Nc3+ 49. Rxc3 Bxc3 50. Qf2+ Bf6 51. a8=Q 1-0

[Event "II Festival"]
[Site "Siracusa ITA"]
[Date "2007.09.03"]
[Round "2"]
[White "Zimmer, Hans Werner"]
[Black "Fernandez, Gianluca"]
[Result "1-0"]
[WhiteElo "2011"]
[BlackElo "1502"]
[PlyCount "69"]
[EventDate "2007.09.02"]

1. e4 g6 2. d4 Bg7 3. Nc3 d6 4. Be3 e5 5. f3 Ne7 6. Bc4 Be6 7. d5 Bc8 8. Nge2
Nd7 9. O-O f5 10. b4 O-O 11. a4 fxe4 12. fxe4 Rxf1+ 13. Qxf1 Qf8 14. Qxf8+ Bxf8
15. Nb5 Nb6 16. Bb3 Bg4 17. Ng3 Kh8 18. a5 Nbxd5 19. exd5 a6 20. Nxc7 Rc8 21.
Rf1 Nf5 22. Nxf5 Bxf5 23. Ne6 Be7 24. h3 Rc3 25. Bg5 Bxg5 26. Nxg5 Rg3 27. Nf7+
Kg7 28. Nxd6 Bxh3 29. Kh2 Bxg2 30. Rf7+ Kh6 31. Kxg3 Bh1 32. Rf1 Bxd5 33. Bxd5
Kg5 34. Nf7+ Kh5 35. Bf3# 1-0

[Event "II Festival"]
[Site "Siracusa ITA"]
[Date "2007.09.04"]
[Round "3"]
[White "Agnello, Giuseppe"]
[Black "Tibaldeschi, Attilio"]
[Result "1-0"]
[WhiteElo "2136"]
[BlackElo "1532"]
[PlyCount "33"]
[EventDate "2007.09.02"]

1. e4 e5 2. Nf3 Nc6 3. Bb5 d6 4. d4 exd4 5. Nxd4 Bd7 6. Nc3 Nf6 7. Bxc6 bxc6 8.
Qd3 Be7 9. Bg5 O-O 10. O-O-O Bg4 11. Nxc6 Qd7 12. Nxe7+ Qxe7 13. Nd5 Qd8 14.
Bxf6 gxf6 15. Qg3 f5 16. exf5 Qg5+ 17. f4 1-0

[Event "II Festival"]
[Site "Siracusa ITA"]
[Date "2007.09.04"]
[Round "3"]
[White "Alaimo, Riccardo"]
[Black "Zimmer, Hans Werner"]
[Result "1-0"]
[WhiteElo "2191"]
[BlackElo "2011"]
[PlyCount "89"]
[EventDate "2007.09.02"]

1. e4 e5 2. Nf3 Nc6 3. Bb5 f5 4. Nc3 fxe4 5. Nxe4 Nf6 6. Nxf6+ Qxf6 7. Qe2 Be7
8. Bxc6 dxc6 9. Nxe5 Bf5 10. O-O O-O 11. d4 Rae8 12. f4 Bd6 13. Be3 Bxe5 14.
dxe5 Qg6 15. Rf2 Re6 16. Bc5 Rd8 17. Rd1 Rd5 18. Rxd5 cxd5 19. Be3 a6 20. Kh1
h5 21. h3 Rc6 22. c3 Re6 23. Kh2 c6 24. g3 Qh7 25. Bd4 Qg6 26. Rg2 Bd3 27. Qd1
Be4 28. Rg1 Bc2 29. Qe1 Bf5 30. a4 Qh7 31. a5 Qg6 32. Bc5 Qh7 33. Qe3 Bd3 34.
Qd4 Bf5 35. Qb4 Qh6 36. Be3 Qg6 37. Qxb7 Be4 38. Qc8+ Kh7 39. Qxa6 Bd3 40. Qb6
Qe4 41. Qd4 Qf5 42. g4 hxg4 43. hxg4 Rh6+ 44. Kg3 Rg6 45. Kf2 1-0

[Event "II Festival"]
[Site "Siracusa ITA"]
[Date "2007.09.04"]
[Round "3"]
[White "Bottino, Alexiei"]
[Black "Valenti, Giuseppe"]
[Result "0-1"]
[WhiteElo "2030"]
[BlackElo "2221"]
[PlyCount "100"]
[EventDate "2007.09.02"]

1. e4 c5 2. c3 Nf6 3. e5 Nd5 4. d4 cxd4 5. Nf3 Nc6 6. cxd4 d6 7. Bc4 Nb6 8. Bb5
dxe5 9. Nxe5 Bd7 10. Nxd7 Qxd7 11. O-O a6 12. Bxc6 bxc6 13. Nc3 e6 14. Qg4 g6
15. d5 Nxd5 16. Qd4 Rg8 17. Ne4 Bg7 18. Qc5 Bf8 19. Qd4 Be7 20. Bd2 f5 21. Nc5
Bxc5 22. Qxc5 Kf7 23. Rac1 Rgc8 24. Bg5 Rab8 25. b3 Rb5 26. Qa3 a5 27. Rc4 Nb4
28. Qb2 e5 29. a3 Nd3 30. Qc3 Rd5 31. h3 Qe6 32. Rd1 Qd7 33. Be3 Nf4 34. Re1
Nd3 35. Rd1 f4 36. Bb6 f3 37. Rxd3 Rxd3 38. Qxe5 fxg2 39. Rf4+ Kg8 40. Qf6 Rxh3
41. Kxg2 Rh5 42. f3 Qh3+ 43. Kf2 Qh2+ 44. Kf1 Qh1+ 45. Bg1 Qh3+ 46. Kf2 Qd7 47.
Kg3 Re8 48. Bd4 Qh3+ 49. Kf2 Qh2+ 50. Kf1 Qe2+ 0-1

[Event "II Festival"]
[Site "Siracusa ITA"]
[Date "2007.09.04"]
[Round "3"]
[White "Condorelli, Roberto"]
[Black "Mangiafico, Francesco"]
[Result "1-0"]
[WhiteElo "1575"]
[BlackElo "1392"]
[PlyCount "99"]
[EventDate "2007.09.02"]

1. Nf3 c5 2. c4 d6 3. d4 cxd4 4. Nxd4 Nf6 5. Nc3 Nc6 6. e4 Nxd4 7. Qxd4 e6 8.
Bg5 Be7 9. Be2 e5 10. Qd1 h6 11. Bxf6 Bxf6 12. O-O O-O 13. Qc2 Be6 14. Rfd1 Be7
15. b3 f5 16. Bf3 f4 17. Rd2 Qe8 18. Nb5 Qg6 19. Kf1 Bg4 20. Bxg4 Qxg4 21. Nxd6
f3 22. gxf3 Qxf3 23. Nf5 Qh1+ 24. Ke2 Qxa1 25. Rd1 Qxd1+ 26. Qxd1 Rfd8 27.
Nxe7+ Kf7 28. Nd5 a5 29. a3 g5 30. Qg1 Rg8 31. Qg4 Rg7 32. Qf5+ Kg8 33. Qxe5
Rf8 34. Nf6+ Kh8 35. Nh5 Rfg8 36. Nxg7 Rxg7 37. b4 axb4 38. axb4 g4 39. c5 Kh7
40. b5 Rg6 41. Qd5 Rg7 42. c6 bxc6 43. bxc6 Ra7 44. Qd7+ Rxd7 45. cxd7 Kg6 46.
d8=Q Kh5 47. Qd5+ Kh4 48. Qe5 h5 49. h3 Kxh3 50. Qg3# 1-0

[Event "II Festival"]
[Site "Siracusa ITA"]
[Date "2007.09.04"]
[Round "3"]
[White "Cordaro, Giovanni"]
[Black "Parla, Aldo"]
[Result "1/2-1/2"]
[WhiteElo "1497"]
[BlackElo "1562"]
[PlyCount "40"]
[EventDate "2007.09.02"]

1. d4 e6 2. c4 f5 3. Nf3 Nf6 4. Bg5 c6 5. Bxf6 Qxf6 6. Nbd2 d5 7. e3 Bb4 8. a3
Bxd2+ 9. Qxd2 O-O 10. cxd5 exd5 11. Be2 Nd7 12. O-O Qe7 13. Rac1 Nf6 14. Bd3
Ne4 15. Qc2 f4 16. exf4 Rxf4 17. Nd2 Kh8 18. f3 Nf6 19. Rce1 Qf7 20. Qc5 Bf5
1/2-1/2

[Event "II Festival"]
[Site "Siracusa ITA"]
[Date "2007.09.04"]
[Round "3"]
[White "Cultrera, Salvatore"]
[Black "Mica, Francesco"]
[Result "1-0"]
[WhiteElo "1681"]
[BlackElo "1437"]
[PlyCount "89"]
[EventDate "2007.09.02"]

1. d4 d5 2. c4 Nf6 3. Nf3 g6 4. Bf4 dxc4 5. e3 Nd5 6. Be5 f6 7. Bg3 Bg4 8. Bxc4
Bg7 9. h3 Bh5 10. Qb3 Bxf3 11. gxf3 e6 12. Qxb7 Nb6 13. Bb5+ N8d7 14. O-O O-O
15. Bxd7 Qxd7 16. Qxc7 e5 17. Qxd7 Nxd7 18. d5 Rab8 19. b3 f5 20. e4 h5 21. Bh4
fxe4 22. fxe4 Rf4 23. Bg3 Rxe4 24. Nc3 Rd4 25. Rad1 Rc8 26. Nb5 Rxd1 27. Rxd1
a6 28. Nd6 Rc2 29. a4 Rb2 30. Rd3 Nc5 31. Rc3 Nxb3 32. Nc4 Rb1+ 33. Kg2 e4 34.
Re3 Nc5 35. Bd6 Bd4 36. Bxc5 Bxc5 37. Rxe4 Ra1 38. a5 Ra2 39. Rf4 Kg7 40. d6
Ra1 41. d7 Rd1 42. Nb6 Rd6 43. Rc4 Bxb6 44. axb6 Rxd7 45. Rc7 1-0

[Event "II Festival"]
[Site "Siracusa ITA"]
[Date "2007.09.04"]
[Round "3"]
[White "Fernandez, Gianluca"]
[Black "Norrito, Salvatore"]
[Result "1-0"]
[WhiteElo "1502"]
[BlackElo "1812"]
[PlyCount "111"]
[EventDate "2007.09.02"]

1. d4 d5 2. Nf3 Nd7 3. c4 Ngf6 4. Bf4 c5 5. Nbd2 e6 6. dxc5 Bxc5 7. h3 e5 8.
Nxe5 Bd4 9. Nxd7 Bxd7 10. Qb3 Bc6 11. e3 Qe7 12. Nf3 Bc5 13. Rd1 Bb4+ 14. Ke2
O-O-O 15. Nd4 dxc4 16. Qxc4 Nd5 17. Nxc6 Nxf4+ 18. Kf3 bxc6 19. Qxc6+ Kb8 20.
Rxd8+ Rxd8 21. exf4 Rd6 22. Qb5+ Ka8 23. Qe5 Qb7+ 24. Qe4 Qxe4+ 25. Kxe4 Rd2
26. Kf3 Rxb2 27. Bc4 f6 28. Rd1 Rc2 29. Rd8+ Kb7 30. Bd5+ Kc7 31. Rg8 Kd6 32.
Bb3 Rc3+ 33. Kg4 Rc7 34. Rf8 a5 35. Rf7 Rc5 36. Rxg7 h5+ 37. Kg3 Be1 38. Kf3
Bc3 39. Rh7 Bd4 40. g3 Bc3 41. Bf7 Rc7 42. Bg6 Rc5 43. Rxh5 Rc8 44. Bf7 Rf8 45.
Bb3 Ra8 46. Rd5+ Kc6 47. Rd3 Rh8 48. Rxc3+ Kb5 49. h4 a4 50. Be6 Kb4 51. Rd3
Re8 52. f5 Re7 53. g4 Rg7 54. Rd7 Rxd7 55. Bxd7 Ka3 56. h5 1-0

[Event "II Festival"]
[Site "Siracusa ITA"]
[Date "2007.09.04"]
[Round "3"]
[White "Ferrigno, Vincenzo"]
[Black "Corsino, Gianluca"]
[Result "0-1"]
[WhiteElo "1754"]
[BlackElo "2004"]
[PlyCount "50"]
[EventDate "2007.09.02"]

1. e4 c5 2. Nf3 d6 3. d4 cxd4 4. Nxd4 Nf6 5. f3 g6 6. c3 Nc6 7. Be3 Bg7 8. Qd2
Bd7 9. a4 O-O 10. Bc4 Rc8 11. Ba2 Na5 12. Na3 Bxa4 13. Ne6 fxe6 14. Bxe6+ Kh8
15. Bxc8 Nb3 16. Qf2 Nxa1 17. Bxb7 Qc7 18. Ba6 Nxe4 19. Qe2 Nxc3 20. bxc3 Qxc3+
21. Kf2 Qxa3 22. Bxa7 Bc6 23. Qc4 Rxf3+ 24. gxf3 Qxf3+ 25. Ke1 Bc3+ 0-1

[Event "II Festival"]
[Site "Siracusa ITA"]
[Date "2007.09.04"]
[Round "3"]
[White "Grandinetti, Pietro"]
[Black "Polak, Tomas"]
[Result "0-1"]
[WhiteElo "1726"]
[BlackElo "2544"]
[PlyCount "110"]
[EventDate "2007.09.02"]

1. e4 b6 2. d4 Bb7 3. Nc3 e6 4. Nf3 Bb4 5. Bd3 Nf6 6. Qe2 d5 7. e5 Ne4 8. Bd2
Nxd2 9. Qxd2 Be7 10. Ne2 Ba6 11. O-O c5 12. Bxa6 Nxa6 13. c3 Qd7 14. Rab1 Rc8
15. Rbc1 O-O 16. Qd3 b5 17. Nd2 c4 18. Qe3 b4 19. f4 bxc3 20. bxc3 Rb8 21. g4
h6 22. Rf2 Rb2 23. Ng3 Qa4 24. g5 hxg5 25. f5 exf5 26. Nxf5 Qd7 27. Rcf1 Nc7
28. Qh3 Qe6 29. Qg4 Bd8 30. h4 g6 31. Nh6+ Kg7 32. hxg5 Qxg4+ 33. Nxg4 Ne6 34.
Nf3 Rxf2 35. Kxf2 Nxg5 36. Nxg5 Bxg5 37. Ke2 Rb8 38. Rf2 Rb2+ 39. Kf3 Rxf2+ 40.
Nxf2 Bd2 41. Nd1 Kh6 42. Ke2 Bc1 43. Kf3 Kg5 44. Nf2 Bd2 45. Nd1 Kf5 46. Ke2
Bc1 47. Kf3 g5 48. a4 g4+ 49. Kg3 Bd2 50. Kg2 Kf4 51. Kf2 g3+ 52. Ke2 Bc1 53.
Ke1 Kf3 54. Kf1 g2+ 55. Kg1 Kg3 0-1

[Event "II Festival"]
[Site "Siracusa ITA"]
[Date "2007.09.04"]
[Round "3"]
[White "Ljubisavljevic, Zivojin Z."]
[Black "Rettore, Ludwig"]
[Result "1/2-1/2"]
[WhiteElo "2296"]
[BlackElo "2182"]
[PlyCount "67"]
[EventDate "2007.09.02"]

1. e4 c5 2. f4 d5 3. exd5 Qxd5 4. Nc3 Qd8 5. Nf3 Nc6 6. Bb5 Bd7 7. d3 Nf6 8.
O-O e6 9. Kh1 Be7 10. Ne5 Rc8 11. Bxc6 Bxc6 12. Nxc6 Rxc6 13. Qf3 O-O 14. b3
Nd5 15. Nxd5 exd5 16. Bb2 Bf6 17. Bxf6 Rxf6 18. Rae1 Re8 19. f5 g6 20. g4 h5
21. Rxe8+ Qxe8 22. Qxd5 Qe2 23. Qg2 Qxg4 24. Qxb7 Rxf5 25. Qc8+ Kg7 26. Rxf5
gxf5 27. Qxc5 Qf3+ 28. Kg1 Qd1+ 29. Kg2 Qg4+ 30. Kf2 Qf4+ 31. Kg1 Qg4+ 32. Kf1
Qh3+ 33. Ke2 Qxh2+ 34. Kd1 1/2-1/2

[Event "II Festival"]
[Site "Siracusa ITA"]
[Date "2007.09.04"]
[Round "3"]
[White "Lo Bosco, Salvatore"]
[Black "Conti, Silvano"]
[Result "1/2-1/2"]
[WhiteElo "1822"]
[BlackElo "1652"]
[PlyCount "58"]
[EventDate "2007.09.02"]

1. Nf3 Nf6 2. g3 g6 3. Bg2 Bg7 4. O-O O-O 5. d3 d6 6. e4 e5 7. Nbd2 Nbd7 8. Nc4
Re8 9. Nh4 Nf8 10. f4 exf4 11. Bxf4 Nh5 12. Bc1 Rb8 13. Rb1 Be6 14. b3 Bxc4 15.
bxc4 c6 16. Bb2 Qb6+ 17. d4 Qa6 18. Qd3 Qxa2 19. Kh1 Qa5 20. Bc3 Qc7 21. Ra1 a6
22. Nf3 Rbd8 23. Ng5 Rd7 24. Rae1 Ne6 25. Nxe6 fxe6 26. Bh3 Rde7 27. Bd2 Rf7
28. Rxf7 Qxf7 29. Rf1 Qe7 1/2-1/2

[Event "II Festival"]
[Site "Siracusa ITA"]
[Date "2007.09.04"]
[Round "3"]
[White "Minniti, Cristiano"]
[Black "Minniti, Giuseppe"]
[Result "1/2-1/2"]
[WhiteElo "1548"]
[BlackElo "1827"]
[PlyCount "98"]
[EventDate "2007.09.02"]

1. e4 d5 2. exd5 Nf6 3. d4 Bg4 4. Nf3 Qxd5 5. Nc3 Qh5 6. Be2 Nc6 7. Be3 O-O-O
8. Qd2 a6 9. O-O-O Qa5 10. Kb1 e6 11. h3 Bf5 12. g4 Bg6 13. Bd3 Bb4 14. Bxg6
Bxc3 15. Qxc3 Qxc3 16. bxc3 hxg6 17. Ng5 Rd7 18. Ka1 Na5 19. Rb1 Nd5 20. Ne4 b6
21. Rbd1 Nc4 22. Rd3 Rdd8 23. Nd2 Nd6 24. c4 Nb4 25. Rc3 f6 26. a3 Nc6 27. d5
Ne5 28. f3 Rde8 29. a4 a5 30. c5 bxc5 31. Bxc5 Rd8 32. Bb6 Ne8 33. Bxa5 Rxd5
34. Nb3 Rf8 35. Bb4 Rf7 36. Kb2 Rfd7 37. Ra1 Rd1 38. Rxd1 Rxd1 39. a5 Rh1 40.
a6 Rxh3 41. Bc5 Rxf3 42. Na5 Kb8 43. Nc6+ Ka8 44. Nxe5 Rxc3 45. Kxc3 fxe5 46.
Kd3 Nd6 47. g5 Nf7 48. Ke4 Kb8 49. Bf2 Ka8 1/2-1/2

[Event "II Festival"]
[Site "Siracusa ITA"]
[Date "2007.09.04"]
[Round "3"]
[White "Minniti, Elenamaria"]
[Black "Di Martino, Giancarlo"]
[Result "0-1"]
[WhiteElo "1518"]
[BlackElo "1724"]
[PlyCount "52"]
[EventDate "2007.09.02"]

1. e4 d6 2. d4 Nf6 3. Nc3 g6 4. Nf3 Bg7 5. Bc4 O-O 6. O-O Nxe4 7. Nxe4 d5 8.
Bd3 dxe4 9. Bxe4 Nd7 10. Re1 c5 11. c3 cxd4 12. cxd4 Nf6 13. h3 Nxe4 14. Rxe4
Bf5 15. Re1 Qd6 16. Be3 Rac8 17. Qd2 Rc2 18. Bf4 e5 19. dxe5 Qxd2 20. Nxd2 Rxb2
21. Nc4 Rb4 22. Rac1 b5 23. Be3 Rxc4 24. Rb1 Bxb1 25. Rxb1 Bxe5 26. Rxb5 Bd6
0-1

[Event "II Festival"]
[Site "Siracusa ITA"]
[Date "2007.09.04"]
[Round "3"]
[White "Nobile, Stefano"]
[Black "Attardi, Giovanni"]
[Result "1-0"]
[WhiteElo "1713"]
[BlackElo "1425"]
[PlyCount "133"]
[EventDate "2007.09.02"]

1. d4 d5 2. Nf3 Nc6 3. e3 a6 4. Bd3 Bg4 5. c4 e6 6. O-O Be7 7. Nbd2 Nf6 8. Qb3
b6 9. Qa4 Qd7 10. a3 O-O 11. Qc2 Bf5 12. Bxf5 exf5 13. Nh4 Ne4 14. Nxf5 Nxd2
15. Bxd2 dxc4 16. Nxe7+ Nxe7 17. Qxc4 b5 18. Qc5 c6 19. Rac1 a5 20. Rc2 Rab8
21. f3 Rfe8 22. e4 a4 23. Bf4 Rbc8 24. Rfc1 Ng6 25. Bd6 Re6 26. Bg3 Rd8 27. d5
cxd5 28. Bc7 Rde8 29. Qxd5 Qxd5 30. exd5 Ra6 31. Bg3 Rb6 32. Rc8 Kf8 33. d6 Rb7
34. Kf2 f5 35. Rxe8+ Kxe8 36. Ke3 Kd7 37. Rc7+ Rxc7 38. dxc7 Kc8 39. h4 h5 40.
Kd4 f4 41. Bf2 Kxc7 42. Kc5 Ne5 43. Kxb5 Nd3 44. Bd4 Ne1 45. Be5+ Kb7 46. Bxg7
Nxg2 47. Bf6 Ne3 48. Kxa4 Nf1 49. Be5 Nh2 50. Bxf4 Nxf3 51. Bg5 Ne5 52. Kb5 Nc6
53. Bf6 Nb8 54. b4 Nc6 55. Kc5 Na7 56. b5 Nc8 57. Bd8 Na7 58. a4 Nc8 59. a5 Na7
60. a6+ Ka8 61. Be7 Nc8 62. Bf8 Ka7 63. Kc6 Nb6 64. Bc5 Kb8 65. Bxb6 Ka8 66.
Kd6 Kb8 67. Ke6 1-0